00556nam a2200169Ia 4500999001300000020001800013082001800031100001900049245006300068260003100131300001000162650004300172650003500215650002300250942000700273952010600280 c278d278 a0-471-36490-8 a300.151 HAY-M aHayes, Patric; 0aMathematical methods in the social and managerial sciences aNew YorkbJohn Wileyc1975 a460p. aSocial sciences - Mathematical methods aQuantitative business analysis aManagement science cBK 00104070aNASSDOCbNASSDOCd2004-06-08l0o300.151 HAY-Mp8102r2019-04-18 00:00:00w2019-04-18yBK